5HLuxD.jpg

KING HENRY VIII SENIOR AND PRIMARY SCHOOL LIBRARY OPAC

RAGING RIVERS / (Record no. 1271)

000 -LEADER
fixed length control field 01411cam a2200421 a 4500
001 - CONTROL NUMBER
control field 18978195
003 - CONTROL NUMBER IDENTIFIER
control field OSt
005 - DATE AND TIME OF LATEST TRANSACTION
control field 20230106100532.0
008 - FIXED-LENGTH DATA ELEMENTS--GENERAL INFORMATION
fixed length control field 160217s2008 enkab j 001 0 eng
010 ## - LIBRARY OF CONGRESS CONTROL NUMBER
LC control number 2015509368
015 ## - NATIONAL BIBLIOGRAPHY NUMBER
National bibliography number GBA863582
Source bnb
016 7# - NATIONAL BIBLIOGRAPHIC AGENCY CONTROL NUMBER
Record control number 014607047
Source Uk
020 ## - INTERNATIONAL STANDARD BOOK NUMBER
International Standard Book Number 9780439944564
Qualifying information (pbk.)
020 ## - INTERNATIONAL STANDARD BOOK NUMBER
International Standard Book Number 0439944562
Qualifying information (pbk.)
035 ## - SYSTEM CONTROL NUMBER
System control number (OCoLC)ocn227275332
040 ## - CATALOGING SOURCE
Original cataloging agency UKM
Language of cataloging eng
Transcribing agency UKM
Modifying agency BTCTA
-- YDXCP
-- OCLCO
-- OCLCF
-- OCLCO
-- OCLCQ
-- DLC
-- KH8
042 ## - AUTHENTICATION CODE
Authentication code ukblcatcopy
-- lccopycat
082 04 - DEWEY DECIMAL CLASSIFICATION NUMBER
Classification number 551.483 GAN
Edition number 22
100 1# - MAIN ENTRY--PERSONAL NAME
Personal name Ganeri, Anita,
Dates associated with a name 1961-
Relator term AUTHOR
245 10 - TITLE STATEMENT
Title RAGING RIVERS /
Statement of responsibility, etc. Anita Ganeri ; illustrated by Mike Phillips.
250 ## - EDITION STATEMENT
Edition statement New ed.
260 ## - PUBLICATION, DISTRIBUTION, ETC.
Place of publication, distribution, etc. London ;
-- New York :
Name of publisher, distributor, etc. Scholastic,
Date of publication, distribution, etc. 2008.
300 ## - PHYSICAL DESCRIPTION
Extent 160 pages :
Other physical details illustrations, maps ;
Dimensions 20 cm.
336 ## - CONTENT TYPE
Content type term text
Content type code txt
Source rdacontent
337 ## - MEDIA TYPE
Media type term unmediated
Media type code n
Source rdamedia
338 ## - CARRIER TYPE
Carrier type term volume
Carrier type code nc
Source rdacarrier
490 1# - SERIES STATEMENT
Series statement Horrible geography
500 ## - GENERAL NOTE
General note Previous edition: London: Hippo, 2000.
500 ## - GENERAL NOTE
General note Includes index.
650 #0 - SUBJECT ADDED ENTRY--TOPICAL TERM
Topical term or geographic name entry element Rivers
Form subdivision Juvenile literature.
650 #7 - SUBJECT ADDED ENTRY--TOPICAL TERM
Topical term or geographic name entry element Rivers.
Source of heading or term fast
Authority record control number or standard number (OCoLC)fst01098312
655 #7 - INDEX TERM--GENRE/FORM
Genre/form data or focus term Juvenile works.
Source of term fast
Authority record control number or standard number (OCoLC)fst01411637
700 1# - ADDED ENTRY--PERSONAL NAME
Personal name Phillips, Mike,
Dates associated with a name 1961-
Relator term ILLUSTRATOR
830 #0 - SERIES ADDED ENTRY--UNIFORM TITLE
Uniform title Horrible geography.
906 ## - LOCAL DATA ELEMENT F, LDF (RLIN)
a 7
b cbc
c copycat
d 2
e ncip
f 20
g y-gencatlg
942 ## - ADDED ENTRY ELEMENTS (KOHA)
Source of classification or shelving scheme
Koha item type Books - Fiction
Holdings
Withdrawn status Lost status Source of classification or shelving scheme Damaged status Not for loan Collection code Permanent Location Current Location Shelving location Date acquired Total Checkouts Total Renewals Full call number Barcode Date last seen Date last checked out Price effective from Koha item type Public note
          Non-Fiction KH8 Primary School Library KH8 Primary School Library Non Fiction 2022-12-27 10 1 551.483 GAN KHPL000003049 2025-12-05 2025-02-21 2022-12-27 Books - Non Ficton  
          Non-Fiction KH8 Primary School Library KH8 Primary School Library Non Fiction 2022-12-27     551.483 GAN KHPL000004706 2025-12-05   2022-12-27 Books - Non Ficton  
          Non-Fiction KH8 Primary School Library KH8 Primary School Library Non Fiction 2022-12-27 1   551.483 GAN KHPL000006240 2025-12-05 2025-10-08 2022-12-27 Books - Non Ficton KH8 PRIMARY LIBRARY

Powered By KH8 IT Dept